UK National Rail with Map - East Midlands Railway - Statistics

General Stats
  • This quiz has been taken 429 times
  • The average score is 50 of 141
Answers on the Map
Answers color-coded by a green-red scale on the quiz's map according to % correct below.
 
Answer Stats
Answer Line % Correct
Nottingham Midland Main Line
91%
Derby Midland Main Line
90%
Lincoln Nottingham to Lincoln Line
90%
Sheffield Midland Main Line
87%
Liverpool Lime Street Liverpool to Manchester Lines
85%
Peterborough Birmingham to Peterborough Line
84%
Manchester Piccadilly Hope Valley Line
80%
Crewe Crewe to Derby Line
79%
Norwich Breckland Line
79%
Leicester Midland Main Line
78%
Luton Midland Main Line
76%
Ely Peterborough to Ely Line
75%
Kettering Midland Main Line
70%
Doncaster Doncaster to Lincoln Line
67%
Skegness Poacher Line
67%
Stoke-on-Trent Crewe to Derby Line
66%
Corby Oakham to Kettering Line
65%
Grantham Nottingham to Grantham Line
65%
London St Pancras International Midland Main Line
64%
Chesterfield Midland Main Line
62%
Luton Airport Parkway Midland Main Line
62%
Bedford Midland Main Line
61%
Cleethorpes Barton Line
58%
Loughborough Midland Main Line
58%
Boston Poacher Line
57%
Manchester Oxford Road Liverpool to Manchester Lines
57%
Grimsby Town Barton Line
54%
Liverpool South Parkway Liverpool to Manchester Lines
54%
Matlock Derwent Valley Line
54%
Mansfield Robin Hood Line
52%
Oakham Birmingham to Peterborough Line
51%
Stockport Hope Valley Line
51%
East Midlands Parkway Midland Main Line
50%
Long Eaton Midland Main Line
50%
Market Harborough Midland Main Line
50%
Newark Castle Nottingham to Lincoln Line
50%
Beeston Midland Main Line
49%
Newark North Gate Nottingham to Lincoln Line
49%
Melton Mowbray Birmingham to Peterborough Line
46%
Warrington Central Liverpool to Manchester Lines
46%
Wellingborough Midland Main Line
46%
Matlock Bath Derwent Valley Line
43%
Stamford Birmingham to Peterborough Line
43%
Worksop Robin Hood Line
43%
Alfreton Erewash Valley Line
41%
Thetford Breckland Line
40%
Belper Midland Main Line
39%
Hope Hope Valley Line
39%
Uttoxeter Crewe to Derby Line
39%
Spalding Peterborough to Lincoln Line
38%
Grimsby Docks Barton Line
36%
Ilkeston Erewash Valley Line
36%
March Peterborough to Ely Line
36%
Barton-on-Humber Barton Line
35%
Dronfield Midland Main Line
35%
Widnes Liverpool to Manchester Lines
35%
Alsager Crewe to Derby Line
34%
Sleaford Poacher Line
34%
Blythe Bridge Crewe to Derby Line
31%
Dore & Totley Hope Valley Line
31%
Kidsgrove Crewe to Derby Line
31%
Mansfield Woodhouse Robin Hood Line
31%
Syston Midland Main Line
31%
Attenborough Midland Main Line
30%
Cromford Derwent Valley Line
30%
Gainsborough Lea Road Doncaster to Lincoln Line
30%
Whatstandwell Derwent Valley Line
30%
Ambergate Derwent Valley Line
29%
Langley Mill Erewash Valley Line
29%
Spondon Midland Main Line
29%
Edale Hope Valley Line
28%
Longport Crewe to Derby Line
28%
Peartree Crewe to Derby Line
28%
Duffield Midland Main Line
27%
Longton Crewe to Derby Line
27%
Wymondham Breckland Line
27%
New Clee Barton Line
26%
Hucknall Robin Hood Line
25%
Attleborough Breckland Line
24%
Barrow-upon-Soar Midland Main Line
24%
Carlton Nottingham to Lincoln Line
24%
Hathersage Hope Valley Line
24%
Hunts Cross Liverpool to Manchester Lines
24%
Kirkby-in-Ashfield Robin Hood Line
24%
Market Rasen Lincoln to Grimsby Line
24%
Sileby Midland Main Line
24%
Sutton Parkway Robin Hood Line
24%
Whittlesea Peterborough to Ely Line
24%
Bamford Hope Valley Line
23%
Barnetby Lincoln to Grimsby Line
23%
Brandon Breckland Line
23%
Bulwell Robin Hood Line
21%
Tutbury & Hatton Crewe to Derby Line
21%
Birchwood Liverpool to Manchester Lines
20%
Bottesford Nottingham to Grantham Line
20%
Eccles Road Breckland Line
20%
Hykeham Nottingham to Lincoln Line
20%
Irlam Liverpool to Manchester Lines
20%
Collingham Nottingham to Lincoln Line
19%
Habrough Barton Line
19%
Bingham Nottingham to Grantham Line
18%
Burton Joyce Nottingham to Lincoln Line
18%
Chinley Hope Valley Line
18%
Fiskerton Nottingham to Lincoln Line
18%
Bleasby Nottingham to Lincoln Line
17%
Grindleford Hope Valley Line
17%
Harling Road Breckland Line
17%
Hazel Grove Hope Valley Line
17%
Heckington Poacher Line
17%
Metheringham Peterborough to Lincoln Line
17%
Netherfield Nottingham to Grantham Line
17%
New Holland Barton Line
17%
Rolleston Nottingham to Lincoln Line
17%
Saxilby Doncaster to Lincoln Line
17%
Swinderby Nottingham to Lincoln Line
17%
Ulceby Barton Line
17%
Wainfleet Poacher Line
17%
Creswell Robin Hood Line
16%
Elton & Orston Nottingham to Grantham Line
16%
Hubberts Bridge Poacher Line
16%
Lowdham Nottingham to Lincoln Line
16%
Radcliffe Nottingham to Grantham Line
16%
Havenhouse Poacher Line
15%
Newstead Robin Hood Line
15%
Barrow Haven Barton Line
14%
Hough Green Liverpool to Manchester Lines
14%
Rauceby Poacher Line
14%
Ancaster Poacher Line
13%
Aslockton Nottingham to Grantham Line
13%
Langwith-Whaley Thorns Robin Hood Line
13%
Ruskington Peterborough to Lincoln Line
13%
Shirebrook Robin Hood Line
13%
Stallingborough Barton Line
13%
Swineshead Poacher Line
13%
Thorpe Culvert Poacher Line
13%
Thurgarton Nottingham to Lincoln Line
12%
Great Coates Barton Line
11%
Healing Barton Line
11%
Goxhill Barton Line
10%
Thornton Abbey Barton Line
10%
Whitwell Robin Hood Line
10%
No matching quizzes found
Score Distribution
Percent of People with Each Score
Percentile by Number Answered
Your Score History
You have not taken this quiz